000 00279nam a2200109Ia 4500
008 190216s9999||||xx |||||||||||||| ||und||
100 _aBarnard. Ak
245 0 _aTheoratical Basis Of Inorganic Chemistry
260 _bTata Mcgrawhill Publishers
650 _aChemistry
942 _cBK
999 _c2015
_d2015